The other side of love : (Record no. 16090)

000 -LEADER
fixed length control field 00502nam a2200169 a 4500
001 - CONTROL NUMBER
control field :::00018730$&:&@@
003 - CONTROL NUMBER IDENTIFIER
control field OkBaRHE
005 - DATE AND TIME OF LATEST TRANSACTION
control field 20001129091832.0
008 - FIXED-LENGTH DATA ELEMENTS--GENERAL INFORMATION
fixed length control field s1999 j 000 0 eng u
040 ## - CATALOGING SOURCE
Transcribing agency
100 1# - MAIN ENTRY--PERSONAL NAME
Personal name Chapman, Gary
245 14 - TITLE STATEMENT
Title The other side of love :
Remainder of title handling anger in a Godly way.
260 ## - PUBLICATION, DISTRIBUTION, ETC. (IMPRINT)
Place of publication, distribution, etc Chicago
Name of publisher, distributor, etc Moody Press
Date of publication, distribution, etc 1999
300 ## - PHYSICAL DESCRIPTION
Extent 183 p.
942 ## - ADDED ENTRY ELEMENTS (KOHA)
Source of classification or shelving scheme
Koha item type Books
Copies
Permanent Location Full call number Price effective from Koha item type Shelving location Copy number Barcode Date acquired Withdrawn status Damaged status Source of classification or shelving scheme Date last seen Lost status Not for loan
RHEMA Bible Training CollegeHQ 728 .C452010-04-14BooksGeneral Stacks1187302010-04-14   2010-04-14